00655nam a22001937a 4500003000900000008004100009020001800050040007100068082001800139100002400157245003000181260002800211300002600239505011400265650002400379650002500403650001200428700002100440AR-CdUCM190410b ||||| |||| 00| 0 spa d a987-04-0045-0 aMUNICIPALIDAD PROVINCIAL DEL CUSCOcBIBLIOTECA MUNICIPAL DEL CUSCO a332.02 /bK62 aKiyosaki, Robert T. aPadre rico, padre pobre / aLima :bAguilar,c2005. a157 paginas ;c23 cm. aContenido :Qué les enseñan los ricos a sus hijos acerca del dinero,que los pobres y las clases media no / aFinanzas personales aAhorro e inversión aRiqueza aSharon L.Lechter